Faculty of Law Library — Cairo University

Official Online Catalog

المخدرات والشباب في مصر : (Record no. 62063)

MARC details
000 -LEADER
fixed length control field 02147nam a2200433 i 4500
003 - CONTROL NUMBER IDENTIFIER
control field EG-GICUC
005 - DATE AND TIME OF LATEST TRANSACTION
control field 20260209192625.0
008 - FIXED-LENGTH DATA ELEMENTS--GENERAL INFORMATION
fixed length control field 260209s1987 ua ||||fr|||| 00| 0 ara d
040 ## - CATALOGING SOURCE
Original cataloging agency EG-GICUC
Language of cataloging ara
Transcribing agency EG-GICUC
Modifying agency EG-GICUC
Description conventions rda
041 0# - LANGUAGE CODE
Language code of text/sound track or separate title ara
082 04 - DEWEY DECIMAL CLASSIFICATION NUMBER
Classification number 343.421
Item number ع ب . م
Edition number 21
092 04 - LOCALLY ASSIGNED DEWEY CALL NUMBER (OCLC)
Edition number 21
099 ## - LOCAL FREE-TEXT CALL NUMBER (OCLC)
Classification number Law1 10 343.421 ع ب . م 1987 1006533
100 0# - MAIN ENTRY--PERSONAL NAME
Personal name عبد الحليم السيد.
Relator term مؤلف.
245 12 - TITLE STATEMENT
Title المخدرات والشباب في مصر :
Remainder of title بحوث ميدانية في مدى انتشار المواد المؤثرة في الحالة النفسية داخل قطاع الطلاب /
Statement of responsibility, etc. تعاون في إجرائها الدكتور عبد الحليم السيد [و10 آخرون] ؛ أشراف على البحوث ووضع تصميماتها الدكتور مصطفى سويف.
264 #1 - PRODUCTION, PUBLICATION, DISTRIBUTION, MANUFACTURE, AND COPYRIGHT NOTICE
Place of production, publication, distribution, manufacture القاهرة :
Name of producer, publisher, distributor, manufacturer المركز القومي للبحوث الاجتماعية والجنائية،
Date of production, publication, distribution, manufacture, or copyright notice 1987.
300 ## - PHYSICAL DESCRIPTION
Extent 117 صفحة ؛
Dimensions 24 سم.
Other physical details إيضاحيات، صور، مثيليات ؛
336 ## - CONTENT TYPE
Source rda content
Content type term text
337 ## - MEDIA TYPE
Source rda media
Media type term Computer
338 ## - CARRIER TYPE
Source rda carrier
Carrier type term Online Resource
504 ## - BIBLIOGRAPHY, ETC. NOTE
Bibliography, etc. note يشتمل على ارجاعات ببليوجرافية.
546 ## - LANGUAGE NOTE
Language note النص باللغة العربية
650 14 - SUBJECT ADDED ENTRY--TOPICAL TERM
Topical term or geographic name entry element التشريعات المتعلقة بالمخدرات.
Source of heading or term qrmak
650 14 - SUBJECT ADDED ENTRY--TOPICAL TERM
Topical term or geographic name entry element القانون الجنائي.
Source of heading or term qrmak
651 1# - SUBJECT ADDED ENTRY--GEOGRAPHIC NAME
Source of heading or term qrmak
700 ## - ADDED ENTRY--PERSONAL NAME
Personal name زين العابدين درويش
Relator term مؤلف مشارك.
700 ## - ADDED ENTRY--PERSONAL NAME
Personal name مصري حنورة
Relator term مؤلف مشارك.
700 ## - ADDED ENTRY--PERSONAL NAME
Personal name فيصل يونس
Relator term مؤلف مشارك.
700 ## - ADDED ENTRY--PERSONAL NAME
Personal name هند طه
Relator term مؤلف مشارك.
700 ## - ADDED ENTRY--PERSONAL NAME
Personal name الحسين عبد المنعم
Relator term مؤلف مشارك.
700 ## - ADDED ENTRY--PERSONAL NAME
Personal name أسامة أبو سريع
Relator term مؤلف مشارك.
700 ## - ADDED ENTRY--PERSONAL NAME
Personal name محمد نجيب الصبوة
Relator term مؤلف مشارك.
700 ## - ADDED ENTRY--PERSONAL NAME
Personal name جمعة يوسف
Relator term مؤلف مشارك.
700 ## - ADDED ENTRY--PERSONAL NAME
Personal name خالد بدر
Relator term مؤلف مشارك.
700 ## - ADDED ENTRY--PERSONAL NAME
Personal name أحمد سعد
Relator term مؤلف مشارك.
856 40 - ELECTRONIC LOCATION AND ACCESS
Uniform Resource Identifier <a href="https://fll.law.cu.edu.eg/fulltext/bks/B10-06533.pdf">https://fll.law.cu.edu.eg/fulltext/bks/B10-06533.pdf</a>
905 ## - Cataloger and Reviser Names
Cataloger Name: Ramy
942 ## - ADDED ENTRY ELEMENTS (KOHA)
Source of classification or shelving scheme Dewey Decimal Classification
Koha item type Books
Edition 21
Suppress in OPAC No
Holdings
Withdrawn status Lost status Source of classification or shelving scheme Damaged status Not for loan Collection Home library Current library Date acquired Total checkouts Full call number Barcode Date last seen Copy number Price effective from Koha item type
    Dewey Decimal Classification   Not for loan القانون الجنائي جــــامعة القــاهرة مكتبة كلية الحقوق - المبنى الرئيسي 09.02.2026   Law1 10 343.421 ع ب . م 1987 1006533 C1 B10-06533 09.02.2026 1 09.02.2026 Books
    Dewey Decimal Classification     القانون الجنائي جــــامعة القــاهرة مكتبة كلية الحقوق - المبنى الرئيسي 26.03.2026   Law1 10 343.421 ع ب . م 1987 1006533 1006527 C2 B10-06527 26.03.2026 2 26.03.2026 Books

© All rights reserved — Faculty of Law, Cairo University